[Event "18th Reykjavik op"]
[Site "Reykjavik ISL"]
[Date "1998.03.11"]
[Round "2.10"]
[White "Ragnarsson, Johann"]
[Black "Olafsson, Helgi"]
[Result "0-1"]
[WhiteElo "2110"]
[BlackElo "2505"]
[EventDate "1998.03.10"]
[PlyCount "150"]

1.d4 Nf6 2.c4 c5 3.d5 e6 4.Nc3 exd5 5.cxd5 d6 6.e4 g6 7.f4 Bg7 8.Bb5+ Nfd7
9.a4 Qh4+ 10.g3 Qd8 11.Nf3 a6 12.Bd3 O-O 13.O-O Nf6 14.f5 Nbd7 15.Bg5 Qc7 
16.Nd2 Rb8 17.a5 h6 18.Bf4 g5 19.Be3 Ne5 20.Nc4 Nfg4 21.Bc1 Nxc4 22.Bxc4 
Bd4+ 23.Kg2 Ne5 24.Qh5 f6 25.Be2 Kg7 26.h4 Rh8 27.Bd1 Bd7 28.Ba4 Bxc3 29.
bxc3 Qxa5 30.Bxd7 Qxa1 31.Bf4 Qxf1+ 32.Kxf1 gxf4 33.gxf4 Nxd7 {[#] His 
cramped position hinders Black from consolidating his material advantage. 
We give a Medal for the unusual material configuration. [#] Die beengte 
Stellung erschwert Schwarz die Umsetzung seiner Materialueberlegenheit. Es
gibt eine Medaille fuer die ungew@e hnliche Materialkonstellation.} 34.e5 
$1 dxe5 35.Qg6+ Kf8 36.fxe5 Nxe5 37.Qxf6+ Nf7 38.d6 Rh7 39.Qe7+ Kg8 40.d7 
Rf8 41.Qe6 h5 42.Ke2 Rg7 43.f6 Rh7 44.Kd2 Kh8 45.Qe7 Rg8 46.Kc2 Nd8 47.Qe5
( 47.Kb3 $5 Rf7 48.Qe5 Rgf8 {see the position at move 53. siehe ab Zug 53}
) 47...Nf7 48.Qxc5 ( 48.Qe7 $5 ) 48...Nd8 49.Qe5 Nf7 50.Qe8 Nd8 51.Kb3 Rf7
52.Qe5 Rgf8 53.Qxh5+ Rh7 54.Qe5 Nc6 55.Qg5 Rd8 56.Qg6 Rf8 57.h5 Ne5 58.Qe8
Nxd7 59.f7 Rxf7 60.Qe3 Nf6 61.Qh6+ Kg8 62.Qg6+ Rg7 63.Qf5 Rh7 64.Qg6+ Kh8 
65.h6 Ng8 66.Qd6 Rf6 67.Qb8 Rfxh6 {After the systematic cutting down of 
White's isolated pawns, Black is clearly winning. Nach der systematischen 
Abholzung aller wei@ en Einzelbauern steht Schwarz klar auf Gewinn.} 68.
Qe5+ Rf6 69.Qd4 Re7 70.Qh4+ Kg7 71.Qg3+ Kf7 72.Qg5 Rb6+ 73.Kc2 Nf6 74.Qc5 
Rc6 75.Qf2 Rec7 0-1

[Event "18th Reykjavik op"]
[Site "Reykjavik ISL"]
[Date "1998.03.11"]
[Round "2.12"]
[White "Miles, Richard"]
[Black "Bradbury, Neil"]
[Result "1/2-1/2"]
[WhiteElo "2595"]
[BlackElo "2360"]
[EventDate "1998.03.10"]
[PlyCount "86"]

1.d4 Nf6 2.Nf3 b6 3.Bg5 Bb7 4.Nbd2 g6 5.Bxf6 exf6 6.e3 Bg7 7.Bd3 f5 8.O-O 
O-O 9.c4 d6 10.Qc2 Nd7 11.Rfd1 Qe7 12.Rac1 Rfe8 13.Bf1 a5 14.g3 Rad8 15.
Bg2 Nf6 16.Nb1 Be4 17.Qb3 Rb8 18.Nc3 Ba8 19.Nd5 Qd8 20.Nxf6+ Qxf6 21.Nd2 
Bxg2 22.Kxg2 g5 23.Nf3 h6 24.Qb5 Qe6 25.Kg1 Rec8 26.Ne1 c6 27.Qa4 d5 28.
Nd3 h5 29.cxd5 cxd5 30.Qb5 h4 31.Ne1 hxg3 32.hxg3 Bf6 33.Ng2 Kg7 34.f4 g4 
35.Qd3 Qe4 36.Ne1 Be7 37.a3 Bf6 38.Kf2 Be7 39.Ke2 Bd6 40.Qxe4 fxe4 41.Ng2 
f5 42.Rh1 Be7 43.Kd2 a4 1/2-1/2

[Event "18th Reykjavik op"]
[Site "Reykjavik ISL"]
[Date "1998.03.11"]
[Round "2.13"]
[White "Karason, Askell Oern"]
[Black "Hansen, Curt"]
[Result "1/2-1/2"]
[WhiteElo "2260"]
[BlackElo "2595"]
[EventDate "1998.03.10"]
[PlyCount "80"]

1.d4 d6 2.c4 e5 3.Nf3 e4 4.Ng5 f5 5.Nc3 c6 6.g3 Be7 7.Nh3 Nf6 8.f3 Nbd7 9.
fxe4 Nxe4 10.Qd3 Ndf6 11.Bg2 O-O 12.O-O Kh8 13.Nf2 d5 14.cxd5 cxd5 15.Bf4 
a6 16.Nfd1 Be6 17.Ne3 Rc8 18.Be5 Qd7 19.Rac1 Kg8 20.h3 Rc6 21.Nxe4 dxe4 
22.Qd2 Nd5 23.Rxc6 Qxc6 24.Rc1 Qd7 25.Nxd5 Qxd5 26.b3 Bd6 27.Qf4 Rd8 28.e3
Bxe5 29.dxe5 h6 30.g4 Rf8 31.gxf5 Bxf5 32.Rc7 Bxh3 33.Qg3 Qd1+ 34.Kh2 Bg4 
35.e6 Rf5 36.Rc8+ Kh7 37.Bxe4 Qd2+ 38.Qg2 Qd6+ 39.Qg3 Qd2+ 40.Qg2 Qd6+ 
1/2-1/2

[Event "18th Reykjavik op"]
[Site "Reykjavik ISL"]
[Date "1998.03.11"]
[Round "2.14"]
[White "Kindermann, Stefan"]
[Black "Fridjonsson, Julius"]
[Result "1-0"]
[WhiteElo "2565"]
[BlackElo "2215"]
[EventDate "1998.03.10"]
[PlyCount "93"]

1.e4 c5 2.Nf3 Nc6 3.d4 cxd4 4.Nxd4 Nf6 5.Nc3 e6 6.Ndb5 Bb4 7.a3 Bxc3+ 8.
Nxc3 d5 9.exd5 exd5 10.Bd3 O-O 11.O-O d4 ( 11...h6 12.h3 d4 13.Ne2 Re8 14.
b4 ( 14.Bf4 Be6 15.Qd2 Rc8 16.Rad1 Nd5 17.Rfe1 Qf6 18.Bg3 Nb6 19.Qf4 $14 {
Dolgener,T-Zimmer,R/BL2-S 1991 (39)} ) ( 14.Re1 $5 Bd7 15.Bf4 Nd5 16.Bg3 
Qf6 17.Qd2 Rad8 18.Nf4 Nxf4 19.Qxf4 Rxe1+ 20.Rxe1 Qxf4 21.Bxf4 $14 {
Gruenberg,H-Ros,A/corr FSM/EU\16 1981 (37)} ) 14...a5 ( 14...a6 15.Bb2 Ne4
16.Qc1 Ng5 17.Qd2 Ne6 $6 18.Rad1 Qh4 19.f4 $16 {Qin Kanying-Stepovaia 
Dianchenko,T/Manila olw 1992 (28)} ) 15.b5 Ne5 16.Bf4 $6 Nd5 17.Bxe5 Rxe5 
18.Qd2 Qh4 19.f4 $6 Re3 20.Nxd4 Bxh3 $1 $17 {Wacker,P-Rosen,B/NRW-II 1995 
(38)} ) 12.Ne2 Qd5 ( 12...Re8 13.b4 $5 Bg4 14.f3 Bh5 15.Bb2 a6 16.Rf2 Ne5 
$6 17.Bxd4 Nxd3 18.Qxd3 Bg6 19.Qd2 Rc8 20.c3 $16 {
Yudasin,L-Sorokin,M/Moscow Alekhine op 1992 (44)} ) 13.Nf4 ( 13.Bf4 Bf5 
14.Bxf5 Qxf5 15.Qd2 Rfd8 16.Rad1 Rac8 17.Qd3 Qxd3 18.Rxd3 h6 19.Rfd1 $14 {
Hlgatian,G-Foisor,C/EU-chTW 1997/0-1 (50)} ) ( 13.b4 Ne5 ( 13...a6 $5 14.
Bb2 Rd8 15.Qd2 Nh5 16.Rad1 Qa2 $5 17.Qc1 Be6 18.Qa1 $14 {
Rogic,D-Jukic,Z/Pula PCA op 1994/E-E (54)} ) ( 13...Rd8 14.Bb2 Bf5 $5 15.
Bxf5 Qxf5 16.Nxd4 Qe4 17.c3 Nxd4 18.cxd4 Nd5 $14 {Polajzer,D-Jelen,I/Ptuj 
1991 (27)} ) 14.Nxd4 Bh3 $1 15.gxh3 Qxd4 16.Bg5 Rfd8 17.Bxf6 gxf6 $36 {
Tseitlin,M-Zilberstein,V/Soviet Union 1969 (35)} ) 13...Qd6 14.Nh5 Nxh5 ( 
14...Ng4 $6 15.Bf4 Qd8 16.Ng3 Qh4 17.Nf5 Bxf5 18.Bxf5 Nh6 19.Bg3 $14 {
Karpov,A-Alburt,L/Daugavpils 1971/1-0 (56)} ) 15.Qxh5 h6 ( 15...f5 $5 16.
Bd2 Be6 17.Rae1 Bd5 18.c4 dxc3 19.Bxc3 Qg6 20.Qh3 Qg4 21.Qxg4 fxg4 $14 {
Golubev,M-Todorovic,G/Bela Crkva 1990 (43)} ) 16.Re1 Bd7 17.Bd2 ( 17.g3 $5
Rfe8 18.Bf4 Qf6 19.Qd5 Bh3 20.Qd6 ( 20.b4 $5 Rad8 21.Bc7 Rc8 22.b5 Be6 23.
Qd6 Re7 $1 $11 {Anand,V-Smirin,I/New York PCA 1994 (34)} ) 20...Be6 21.Be5
Qg5 22.h4 Qh5 23.Qc5 Red8 $13 {Tejero,J-Baron Isanta,J/Catalunia-chT 1995 
(27)} ) ( 17.Qh4 $5 Rae8 18.Bd2 a6 19.Qg3 Qxg3 20.hxg3 Rxe1+ 21.Rxe1 Re8 
22.Rxe8+ Bxe8 23.Be4 $14 {Korneev,O-Baron Rodriguez,J/Barbera del Valles 
op 1995 (41)} ) 17...Rfe8 18.Qh4 Ne5 $5 ( 18...Re6 $5 19.Rxe6 Qxe6 20.Re1 
Qg4 21.Qxg4 Bxg4 22.f4 $14 {Vehi Bach,V-San Segundo,P/San Sebastian op 
1995 (41)} ) 19.Bf4 $5 {Intending to transfer the game into promising 
ending,where nevertheless black's defensive resourses are huge.} ( 19.Be4 
$5 Bc6 20.Rad1 Ng6 21.Qg4 Bxe4 22.Rxe4 Qc6 23.Rxd4 Qxc2 24.Bc3 $14 ) 19...
Qc5 $2 {Missing simple double blow.} ( 19...Re7 $5 $14 ) 20.Bxe5 $6 ( 20.
Qg3 $1 {This logical move slipped out white's attention as well:} 20...
Nxd3 ( 20...Ng4 21.h3 Nf6 22.Bxh6 Nh5 23.Qg5 $16 ) 21.Bxh6 Qf8 22.cxd3 Bf5
23.Bf4 $16 {with a pawn up.} ) 20...Rxe5 21.Rxe5 Qxe5 22.Qe4 Qxe4 23.Bxe4 
$14 Re8 $5 ( 23...Bc6 24.Bxc6 $6 ( 24.Bd3 ) 24...bxc6 25.Re1 Rb8 26.b4 ( 
26.b3 $2 d3 $1 ) 26...c5 27.bxc5 Rb5 $11 ) 24.f3 Bc6 25.Bd3 {This game is 
very good example of accurate play in the endgame:after ten moves this 
almost equal position will turn into nearly wining for white!} 25...g6 $6 
( 25...Kf8 {[%cal Gf8c5]} ) 26.Rd1 Re7 ( 26...Kg7 $5 27.Bc4 Rd8 28.c3 $2 (
28.Kf2 $14 ) 28...dxc3 $1 {[%cal Gc3c1]} 29.Rxd8 c2 $19 ) 27.Kf2 Kg7 28.
Bc4 Rd7 29.Ke2 g5 30.Kd3 g4 $2 {Suicide!Now white has square f4 to attack 
the weak pawn on d4.Deserved attention} ( 30...Kf6 $5 {with defendable 
position.} ) 31.fxg4 Bxg2 32.Rg1 $1 {[%csl Rd4][%cal Gg1f1,Gf1f4]} 32...
Bc6 ( 32...Bh3 33.Ke4 $1 $16 {[%csl Rh3][%cal Gg1g3]} ) 33.Rf1 $16 Kg6 34.
h4 $1 b5 35.Bb3 Bd5 36.h5+ Kg7 ( 36...Kg5 37.Rf5+ $18 ) 37.Bxd5 Rxd5 38.
Rf4 Rc5 39.Rxd4 Kf6 40.Rf4+ $1 Kg5 41.Rxf7 Kxg4 42.Rxa7 $18 Rxh5 43.c4 Rh2
( 43...bxc4+ 44.Kxc4 Rh1 45.b4 h5 46.a4 h4 47.a5 h3 48.Rh7 h2 49.Kb5 Kg3 
50.a6 Ra1 51.Kb6 h1=Q 52.Rxh1 Rxh1 53.a7 $18 ) 44.cxb5 Rxb2 45.Kc4 h5 46.
Rg7+ Kf5 47.a4 1-0

[Event "18th Reykjavik op"]
[Site "Reykjavik ISL"]
[Date "1998.03.11"]
[Round "2.15"]
[White "Stefansson, Hannes Hlifar"]
[Black "Bjornsson, Tomas"]
[Result "1-0"]
[WhiteElo "2540"]
[BlackElo "2235"]
[EventDate "1998.03.10"]
[PlyCount "55"]

1.Nf3 d5 2.d4 Nf6 3.c4 c6 4.Nc3 dxc4 5.a4 Bf5 6.e3 e6 7.Bxc4 Nbd7 8.O-O 
Bd6 9.Re1 Ne4 10.Qb3 ( 10.Bd3 Ndf6 11.Qc2 Nxc3 12.bxc3 Bg4 13.Nd2 Bh5 14.
e4 Bc7 15.Ba3 $18 {1-0 Wells,P-Jansson,J/Hamar op 1983 (25)} ) 10...b6 $6 
( 10...Qb6 11.Nxe4 Bxe4 12.Bxe6 $18 ) ( 10...Nb6 $5 $11 ) 11.Nxe4 Bxe4 12.
Nd2 Bg6 13.e4 e5 $2 {Danach werden die wei@n en Felder am Damenfluegel 
t@enfluegel dlich schwach.} ( 13...a5 14.d5 Nc5 15.Qc3 {ist unguenstig 
fuer Schwarz, so da@arz,} ) ( 13...O-O {richtig war; die Stellung scheint 
mir in etwa ausgeglichen.} ) 14.d5 c5 15.Bb5 O-O 16.Nc4 Qc7 17.Bd2 Nf6 $2 
{Schwarz mu@arz te versuchen, mit} ( 17...f5 {Gegenspiel zu bekommen.} ) 
18.f3 a6 $2 {Dies f@s rdert die Plaene des Wei@e en.} 19.Bc6 Rab8 20.Nxd6 
Qxd6 21.Qc4 a5 22.f4 Ne8 23.fxe5 Qxe5 24.Qc3 Qc7 25.e5 f6 26.e6 Qe7 27.Bf4
Rd8 28.Qb3 1-0

[Event "18th Reykjavik op"]
[Site "Reykjavik ISL"]
[Date "1998.03.11"]
[Round "2.16"]
[White "Mortensen, Erling"]
[Black "Schmied, Andreas"]
[Result "1-0"]
[WhiteElo "2510"]
[BlackElo "2155"]
[EventDate "1998.03.10"]
[PlyCount "39"]

1.e4 c5 2.Nf3 Nc6 3.Bb5 g6 4.O-O Bg7 5.c3 e5 6.d4 exd4 7.Bf4 Nge7 8.Bd6 b6
9.cxd4 cxd4 10.Nbd2 O-O 11.a4 Bb7 12.Bc4 Nc8 13.Bxf8 Qxf8 14.Ng5 Ne5 15.
Ba2 Ba6 16.f4 Qe7 17.fxe5 Qxg5 18.Rxf7 Kh8 19.Nf3 Qe3+ 20.Kh1 1-0

[Event "18th Reykjavik op"]
[Site "Reykjavik ISL"]
[Date "1998.03.11"]
[Round "2.17"]
[White "Conquest, Stuart"]
[Black "Gunnarsson, Arnar"]
[Result "1-0"]
[WhiteElo "2480"]
[BlackElo "2195"]
[EventDate "1998.03.10"]
[PlyCount "66"]

1.e4 c5 2.Nf3 d6 3.d4 cxd4 4.Nxd4 Nf6 5.Nc3 a6 6.h3 e6 7.g4 b5 8.Bg2 Bb7 
9.Qe2 ( 9.a3 h6 ( 9...Qc7 10.O-O Be7 11.g5 Nfd7 12.f4 Nc6 13.Be3 Nxd4 14.
Qxd4 Rg8 15.h4 Qc4 16.Rad1 h6 17.Qxc4 bxc4 18.Rd4 hxg5 19.hxg5 Rc8 20.f5 
Rh8 21.Rf3 Ne5 {Schula,M-Fajman,P/CZE-chT2 1995/0-1 (50)} ) 10.Be3 Nbd7 
11.Nde2 Ne5 12.O-O g5 13.Qd4 Be7 14.Rad1 Rc8 15.b3 Qc7 16.f4 gxf4 17.Bxf4 
Qc5 18.Qxc5 Rxc5 19.Be3 Rc8 20.Bd4 Rg8 {Walek,M-Sax,G/Komercni Banka op 
1996/0-1 (46)} ) ( 9.g5 Nfd7 10.f4 Nb6 11.O-O b4 12.Nce2 d5 13.exd5 Bxd5 
14.f5 e5 15.Nb3 Nc6 16.Qe1 Bxg2 17.Kxg2 Be7 18.Qg3 Qd5+ 19.Kh2 O-O-O 20.c3
{1-0 Kupreichik,V-Kohlweyer,B/BL2-W 1995 (32)} ) 9...b4 10.Na4 ( 10.Nd1 d5
11.e5 Ne4 12.Bf4 Qb6 13.Nb3 Be7 14.Bxe4 dxe4 15.Ne3 O-O 16.O-O-O a5 17.Nc4
Qa6 18.Rhe1 a4 19.Nd4 b3 20.axb3 axb3 21.Nxb3 Qa2 22.Rd4 Rc8 {0-1 
Adams,W-Rossolimo,N/Hastings5051 1950 (59)} ) 10...e5 $6 {Very risky 
continuation, yielding White dangerous initiative at expence of the 
sacrificed central pawn.} ( {Better is} 10...Nc6 11.Be3 Nxd4 12.Bxd4 e5 
13.Be3 Nd7 14.b3 Be7 15.O-O O-O 16.a3 a5 17.Rfd1 bxa3 18.c4 Bc6 19.Rxa3 {
0-1 Kupreichik,V-Magerramov,E/Bad Woerishofen op 1994 (47)} ) 11.Nf5 g6 
12.Ne3 Nxe4 ( {Consequent, but imprudent. More chances offered} 12...Bg7 
13.Qd3 ( 13.Qc4 Qa5 ) 13...O-O ( 13...Qa5 $2 14.b3 ) 14.g5 ) 13.O-O Nd7 
14.Rd1 h5 ( 14...Ndf6 15.g5 ) 15.Nc4 f5 ( 15...Ndc5 $2 {loses after} 16.
Nxc5 Nxc5 17.Nxe5 Qe7 18.Bxb7 Nxb7 19.Qf3 $18 ) ( 15...Ndf6 $2 16.g5 $18 )
16.f3 Nef6 17.g5 Nd5 18.f4 e4 {[%csl Rd5,Rd6,Re4,Re8][%cal 
Gg2e4,Gd1d5,Gc4d6,Ge2e8]} 19.a3 ( {Also possible was immediate} 19.Bxe4 $5
fxe4 ( 19...Nxf4 20.Bxf4 Bxe4 21.Nxd6+ Bxd6 22.Rxd6 $18 ) ( 19...Qe7 20.
Nxd6+ $1 Qxd6 21.Bxd5+ $18 ) 20.Qxe4+ Kf7 21.Rxd5 Bxd5 ( 21...Qe8 22.Qxe8+
Rxe8 23.Nxd6+ $18 ) 22.Qxd5+ Kg7 23.Be3 $16 {/+-} ) 19...a5 ( 19...Be7 {
was to be preferred, although after} 20.axb4 {ii a5 White has excllent 
winning perspectives.} ) 20.Bxe4 $1 fxe4 21.Qxe4+ Kf7 ( 21...Qe7 $2 22.
Nxd6+ $18 ) 22.Rxd5 Bxd5 ( 22...Qe8 {does not siffice in view of} 23.Qxe8+
Rxe8 24.Nxd6+ $18 ) 23.Qxd5+ Kg7 24.axb4 Kh7 ( 24...axb4 {does not help 
either:} 25.Nc5 ( 25.b3 $16 ) 25...Rxa1 26.Ne6+ Kh7 27.Nxd8 Rxc1+ 28.Kg2 
Rxc2+ 29.Kf3 Bg7 30.Ne6 $16 ) 25.bxa5 Bg7 26.Bd2 $18 {White's position is 
entirely winning. Three pawns for the exchange, domination in the center 
and good attacking perspectives - all these factors determine White's 
decisive advantage. The rest needs no comment.} 26...Nc5 27.Nab6 Ra7 28.
Rf1 Re8 29.Nxd6 Re2 30.Nbc4 Ne6 31.f5 gxf5 32.Qxf5+ Kg8 33.c3 Rd7 1-0

[Event "18th Reykjavik op"]
[Site "Reykjavik ISL"]
[Date "1998.03.11"]
[Round "2.18"]
[White "Olsen, Heini"]
[Black "Hall, Jesper"]
[Result "1/2-1/2"]
[WhiteElo "2270"]
[BlackElo "2460"]
[EventDate "1998.03.10"]
[PlyCount "168"]

1.Nf3 c5 2.c4 Nc6 3.Nc3 e5 4.e3 Nf6 5.d4 e4 6.Ne5 cxd4 7.exd4 Bb4 8.Be2 
Qa5 9.Nxc6 dxc6 10.Bd2 O-O 11.O-O Re8 12.a3 Bxc3 13.Bxc3 Qg5 14.Bd2 Qg6 
15.Bf4 h5 16.Kh1 Bg4 17.h3 Bxe2 18.Qxe2 Qf5 19.Qe3 Re6 20.Rad1 a6 21.Rd2 
Rd8 22.Rfd1 Rd7 23.Kg1 Re8 24.Be5 Nh7 25.Bh2 Red8 26.Re1 Re8 27.Red1 Red8 
28.Re1 Ng5 29.Bg3 f6 30.h4 Ne6 31.Red1 Kf7 32.Kf1 g5 33.hxg5 fxg5 34.Be5 
c5 35.Re1 cxd4 36.Qxe4 Kg6 37.Qxf5+ Kxf5 38.Rd3 g4 39.f3 Nc5 40.fxg4+ hxg4
41.Rd2 d3 42.Rf2+ Kg6 43.Rf6+ Kg5 44.Rf2 d2 45.Rd1 Ne4 46.Rf4 Ng3+ 47.Kf2 
Re8 48.Kxg3 Rd3+ 49.Kf2 Rxe5 50.g3 Ree3 51.Rxd2 Rxg3 52.Rxd3 Rxd3 53.Re4 
Rd2+ 54.Kg3 Rxb2 55.Rxg4+ Kf5 56.Rg7 Ke4 57.Rd7 b6 58.Rd6 a5 59.a4 Ke3 60.
Rd5 Rb4 61.c5 bxc5 62.Rxc5 Rxa4 63.Rf5 Ra1 64.Rf3+ Ke4 65.Rf4+ Ke5 66.Rh4 
Kd5 67.Rf4 a4 68.Kg2 Kc5 69.Rf5+ Kd4 70.Rf4+ Ke3 71.Rb4 a3 72.Rb3+ Ke2 73.
Kh2 Ra2 74.Kg1 Kd2 75.Rf3 Kc2 76.Rf2+ Kb3 77.Rf3+ Kc4 78.Rf4+ Kd3 79.Rf3+ 
Ke4 80.Rb3 Ra1+ 81.Kg2 Kd4 82.Kh2 Kc4 83.Rf3 Kb4 84.Rf4+ Kc3 1/2-1/2

[Event "18th Reykjavik op"]
[Site "Reykjavik ISL"]
[Date "1998.03.11"]
[Round "2.19"]
[White "Van der Weide, Karel"]
[Black "Thorfinnsson, Bjoern"]
[Result "1-0"]
[WhiteElo "2450"]
[BlackElo "2100"]
[EventDate "1998.03.10"]
[PlyCount "116"]

1.e4 g6 2.d4 Bg7 3.Nc3 d6 4.g3 ( 4.Nge2 Nc6 ( 4...c6 5.a4 e5 6.Be3 Nf6 7.
dxe5 dxe5 8.Qxd8+ Kxd8 9.h3 Be6 {Gulko,B-Petrosian,T URS-ch 1977 24/174 
[Kotov,A]} 10.Nc1 $14 {[%cal Gc1d3,Gg2g3,Gf1g2,Ge1c1,Gf2f4]} ) ( 4...Nf6 
5.g3 Na6 6.Bg2 c5 7.d5 {Vajda,L-Itkis,B CBM 60} ( 7.O-O O-O 8.e5 $5 dxe5 
9.dxe5 Ng4 10.f4 Qxd1 11.Rxd1 Nb4 $13 ) ) 5.Be3 Nf6 6.f3 O-O 7.Qd2 Na5 8.
Ng3 b6 9.O-O-O c5 10.h4 cxd4 11.Bxd4 Nc6 12.Be3 h5 13.Bh6 Be6 14.Bxg7 Kxg7
15.Bb5 Qc7 16.Rhe1 a6 17.Bxc6 Qxc6 18.Qg5 $36 {Ivanchuk,V-Khalifman,A 
Manila izt 1990} ) 4...Nf6 5.Bg2 Nbd7 6.Nge2 c5 $5 7.O-O ( 7.d5 $5 O-O 8.
O-O Rb8 9.a4 b6 10.Nb5 Rb7 11.c4 Ne8 12.Rb1 a6 13.Nbc3 Rb8 14.Bg5 Ne5 15.
b3 Nc7 16.f4 $14 {Arkhipkin,Y-Itkis,B/Erevan 1981/1-0 (42)} ) 7...O-O ( 
7...cxd4 $5 8.Nxd4 O-O 9.b3 Nc5 10.Bb2 Bd7 11.Re1 a6 12.a4 e5 13.Nf3 Bc6 
14.Nd2 b5 15.axb5 axb5 16.b4 Na6 17.Na2 Qb6 18.c4 Rfd8 19.Qb3 Bh6 $1 $13 {
0-1 Rivas Pastor,M-Timman,J/Amsterdam zt 1978 (32)} ) 8.h3 cxd4 ( 8...a6 
$5 9.Be3 Qc7 10.Qd2 cxd4 11.Nxd4 Ne5 12.b3 e6 13.Rad1 Rd8 14.f4 Nc6 15.
Nxc6 bxc6 16.Na4 Rb8 17.c4 $14 {E-E Bashkov,V-Minasian,A/URS-chT 1990 (41)
} ) 9.Nxd4 Nc5 ( 9...a6 $5 10.Be3 Nc5 $5 ( 10...Nb6 $6 11.b3 Qc7 12.Qd2 e5
13.Nde2 Be6 14.Rfd1 Rad8 15.Nd5 Bxd5 16.exd5 Nbd7 17.c4 Nh5 18.g4 Nhf6 19.
Rac1 Rfe8 20.Ng3 Nf8 21.b4 $16 {Muchnik,L-Gaprindashvili,N/URS-chW 
1979/E-E (58)} ) 11.Qd2 Re8 12.Rad1 Bd7 13.Nb3 Nxb3 14.axb3 Bc6 15.f4 Qc7 
16.Qf2 b5 17.Bd4 b4 18.e5 Bxg2 19.Qxg2 bxc3 20.exf6 Bxf6 21.bxc3 e5 $1 $11
{E-E Kreutzkamp,R-Hertneck,G/BL8485 1985 (41)} ) 10.Be3 ( 10.Re1 $5 a6 ( 
10...Bd7 11.Be3 Qc8 12.Kh2 Na4 13.Nxa4 Bxa4 14.Qd2 Re8 15.Rac1 Bc6 16.Bh6 
Bh8 17.c4 Qc7 18.b4 Red8 19.Qe3 Be8 $14 {Burger,K-Pasman,M/Beer Sheva 
1982/MCD-r8/E-E (47)} ) 11.a4 e5 12.Nb3 Nxb3 13.cxb3 Be6 14.Be3 Qd7 15.Kh2
Rad8 16.Re2 Ne8 17.Nd5 f5 18.Bg5 Nf6 19.Rc1 $14 {
Khenkin,I-Timman,J/Tilburg blitz 1994/1-0 (72)} ) ( 10.f4 $5 ) 10...Bd7 
11.Qd2 ( 11.a4 Rc8 12.Re1 b6 13.Ra3 Qc7 14.Bg5 a6 15.Bxf6 exf6 16.b4 Ne6 
17.Nd5 Qd8 18.c3 Re8 19.a5 b5 20.Nb6 Rc7 21.h4 Nxd4 22.cxd4 Bc6 {E-E 
Zakharevich,I-Sakaev,K/Petrov mem 1996} ) ( 11.Kh2 $5 Rc8 12.Nb3 $6 ( 12.
Qd2 $14 ) 12...b6 13.Qd2 Na4 $1 14.Nxa4 Bxa4 15.Rad1 ( 15.c3 $142 Bc6 16.
Qc2 Qd7 ) 15...Qc7 ( 15...Bc6 16.e5 dxe5 ) 16.c3 $6 ( 16.Rc1 ) ( 16.Qb4 
Qc4 $1 17.Rd4 Qxb4 18.Rxb4 Bxb3 19.cxb3 Rc2 $6 20.Ra4 $13 ) 16...Qc4 17.
Qc2 Nd7 18.Ra1 ( 18.Bf3 $142 {[%cal Gf3e2]} ) 18...Nc5 19.Bxc5 bxc5 $15 {
[%csl Ga4,Gg7][%cal Gb8b2] (Har Zvi) 0-1 Moldovan,D-Itkis,B/Ciocaltea mem 
1997 (41) /i} ) 11...a6 12.a4 e5 $146 ( 12...a5 13.Nb3 $6 ( 13.f4 $5 ) 
13...Nxb3 14.cxb3 Be6 15.Nd5 Nxd5 16.exd5 Bd7 17.b4 b5 18.bxa5 Rxa5 {E-E 
Cortlever,N-Sandor,B/Hoogovens-B 1969} ) 13.Nb3 $5 ( 13.Nde2 $6 Bc6 14.f3 
$13 {[%csl Gf3,Gg3,Gh3]} ) 13...Nxb3 14.cxb3 {[%csl Gd5,Rd6]} 14...Be6 15.
b4 ( 15.Nd5 $6 Nxd5 16.exd5 Bf5 17.Rac1 Rc8 $11 ) 15...Qd7 16.Kh2 Ne8 $6 (
16...Rac8 $5 17.f4 Rc4 $13 ) 17.Rfd1 $13 Bb3 $5 ( 17...f5 18.Nd5 Rd8 19.
exf5 $1 $14 ) 18.Rdc1 Nc7 ( 18...Rc8 $5 19.Ra3 Be6 ) 19.Ra3 Bc4 20.Bb6 $5 
{[%csl Rd5]} 20...Rac8 21.Nd1 {[%cal Rd1e3]} 21...Na8 $6 ( 21...Be6 $5 {
i22.i fd1i a8} ) 22.Bc5 Rfd8 $2 ( 22...Be6 $5 23.Rd3 Qxa4 24.Rxd6 Rfe8 $13
) 23.Rxc4 dxc5 24.Qxd7 Rxd7 25.Ne3 $14 {[%cal Ge3d5]} 25...Bf8 {[%cal 
Gg8g7,Gf8c5]} 26.Nd5 Kg7 27.b5 $1 Rd6 ( 27...Rcd8 $142 {if5} ) 28.bxa6 
bxa6 29.Rb3 {[%cal Gb4b8,Gb3b8]} 29...Rcc6 {ii b6} 30.a5 $14 {[%csl Rb6]} 
30...Nc7 {[%cal Gc7b5,Gc7e6]} 31.Rb7 Nb5 $5 ( 31...Ne6 32.f4 exf4 33.gxf4 
$5 $14 ( 33.e5 $6 fxg3+ ( 33...Nd8 $2 34.Ra7 fxg3+ 35.Kxg3 Re6 36.Nf4 Rxe5
37.Bxc6 Nxc6 38.Rxa6 $16 ) ( 33...Rd8 $2 34.Nxf4 Nxf4 35.Rxf4 $1 $16 ) 34.
Kxg3 Rd8 $1 ( 34...Nd8 $2 {-33...i d8} ) 35.Nf4 {[%csl Rc6,Re6]} 35...Nxf4
36.Bxc6 Nd3 $1 $13 ) ) 32.f4 $1 Rd8 ( 32...h6 $143 33.f5 $36 ) 33.fxe5 Re8
( 33...Re6 $5 ) 34.Rb6 Nd4 35.b4 $1 {[%csl Rc6][%cal Gb4c5]} 35...Rxb6 ( 
35...Rec8 $2 36.h4 $1 $16 {[%csl Rc8][%cal Gg2h3,Gh3c8]} ) 36.axb6 Ne6 37.
bxc5 ( 37.Nc7 $2 Nxc7 38.bxc7 Rc8 39.bxc5 Rxc7 40.c6 a5 $14 ) 37...Nxc5 ( 
37...Bxc5 $4 38.Nc7 $1 $18 {[%csl Gb6,Rc5,Gc7,Re6,Re8]} ) 38.Rb4 Rb8 ( 
38...a5 $142 39.Rb5 a4 $14 ) 39.Bf1 {[%cal Gf1a6]} 39...a5 40.Rb5 a4 41.
Nf6 $1 {d7,e4} 41...Rd8 $6 ( 41...a3 42.Bc4 $14 ) 42.Bc4 a3 43.b7 $1 $16 
a2 $2 ( 43...Rb8 44.Bd5 a2 45.Ra5 Nxb7 46.Rxa2 $16 {[%csl Rb7,Rf7][%cal 
Ga2a7]} ) 44.Bxa2 Rd2+ 45.Kh1 Nxb7 46.Rxb7 $1 Rxa2 47.Ne8+ Kg8 ( 47...Kh6 
48.Rxf7 $18 {[%csl Rh7][%cal Ge8f6]} ) 48.e6 $1 Ra1+ ( 48...Be7 49.Rxe7 
Kf8 50.Rxf7+ Kxe8 51.Rxh7 $18 ) ( 48...fxe6 $2 49.Nf6+ Kh8 50.Rxh7# ) 49.
Kg2 Ra2+ 50.Kf1 Ra1+ 51.Ke2 Ra2+ 52.Kd1 Ra1+ 53.Kc2 Ra2+ 54.Kb1 Rf2 55.e5 
$1 $18 {[%csl Rf7][%cal Ge8f6]} 55...Be7 ( 55...fxe6 56.Nf6+ Rxf6 $8 $18 
57.exf6 ) ( 55...h5 56.Nf6+ Kg7 57.Rxf7+ $18 ) 56.Rxe7 Kf8 57.Rxf7+ Rxf7 
58.exf7 Kxf7 1-0

[Event "18th Reykjavik op"]
[Site "Reykjavik ISL"]
[Date "1998.03.11"]
[Round "2.20"]
[White "Kjartansson, David"]
[Black "Jonsson, Bjorgvin"]
[Result "0-1"]
[WhiteElo "2100"]
[BlackElo "2380"]
[EventDate "1998.03.10"]
[PlyCount "70"]

1.d4 Nf6 2.Nf3 e6 3.Bg5 c5 4.e3 Qb6 5.Qc1 Nc6 6.c3 d5 7.Nbd2 Bd7 8.Bd3 Be7
9.O-O h6 10.Bxf6 Bxf6 11.Re1 O-O 12.dxc5 Qxc5 13.e4 Rac8 14.e5 Be7 15.Nb3 
Qb6 16.Qd2 a5 17.Nbd4 a4 18.Nxc6 bxc6 19.Bc2 Qa6 20.b3 Rfd8 21.h4 c5 22.
Qf4 Bc6 23.Nh2 d4 24.Rad1 axb3 25.axb3 dxc3 26.Ng4 Rxd1 27.Rxd1 Qe2 28.Rd3
Qxc2 29.Rg3 Kf8 30.Nf6 Qd2 31.Qg4 g6 32.h5 g5 33.f4 c2 34.fxg5 c1=Q+ 35.
Kh2 Qf2 0-1

[Event "18th Reykjavik op"]
[Site "Reykjavik ISL"]
[Date "1998.03.11"]
[Round "2.22"]
[White "Richardson, John"]
[Black "Einarsson, Einar Kristinn"]
[Result "1-0"]
[WhiteElo "2315"]
[BlackElo "2085"]
[EventDate "1998.03.10"]
[PlyCount "47"]

1.d4 f5 2.g3 Nf6 3.Bg2 e6 4.Nh3 Be7 5.O-O O-O 6.c4 d6 7.b3 Qe8 8.Bb2 Bd8 
9.Nd2 e5 10.dxe5 dxe5 11.e4 fxe4 12.Ng5 e3 13.fxe3 c6 14.c5 Ng4 15.Nde4 
Rxf1+ 16.Qxf1 Bxg5 17.Nxg5 Be6 18.Qd3 g6 19.Nxe6 Qxe6 20.Qd8+ Kg7 21.Bh3 
Nd7 22.Qxa8 Qf5 23.Bxg4 Qxg4 24.Qxb7 1-0